000 00315nam a22001457a 4500
020 _a81-8388-185-8
082 _a823
_bBHA/M
100 _aBHARTI, JYOTSNA
245 _aGOOD HABITS
250 _a1
260 _aCHENNAI
_bSPIDER BOOKS
_c2008
300 _a96
650 _aENGLISH SHORT STORY
_zCHENNAI
942 _cBK
999 _c3322
_d3322